000
00286nam a2200133Ia 4500
008
221030s9999 xx 000 0 und d
041
_a
English
082
_a
105.23
100
_a
P. L. Soni
245
0
_a
Organic Chemistry
_c
by P. L. Soni
260
_c
0
650
_a
B
942
_c
BK
999
_c
12405
_d
12405